Physics for architects : (Record no. 352489)
[ view plain ]
| 000 -LEADER | |
|---|---|
| fixed length control field | 01570 a2200289 4500 |
| 003 - CONTROL NUMBER IDENTIFIER | |
| control field | OSt |
| 005 - DATE AND TIME OF LATEST TRANSACTION | |
| control field | 20180116192336.0 |
| 008 - FIXED-LENGTH DATA ELEMENTS--GENERAL INFORMATION | |
| fixed length control field | 120524t xxu||||| |||| 00| 0 eng d |
| 020 ## - INTERNATIONAL STANDARD BOOK NUMBER | |
| International Standard Book Number | 0741419297 (paperback) |
| 020 ## - INTERNATIONAL STANDARD BOOK NUMBER | |
| International Standard Book Number | 9780741419293 (paperback) |
| 040 ## - CATALOGING SOURCE | |
| Transcribing agency | 0 |
| 082 04 - DEWEY DECIMAL CLASSIFICATION NUMBER | |
| Classification number | 720 |
| 100 1# - MAIN ENTRY--PERSONAL NAME | |
| Personal name | Salu, Yehuda. |
| 9 (RLIN) | 1780 |
| 245 10 - TITLE STATEMENT | |
| Title | Physics for architects : |
| Remainder of title | 2nd edition / |
| Statement of responsibility, etc. | Yehuda Salu. |
| 250 ## - EDITION STATEMENT | |
| Edition statement | 2nd ed. |
| 260 ## - PUBLICATION, DISTRIBUTION, ETC. | |
| Place of publication, distribution, etc. | London: |
| Name of publisher, distributor, etc. | Infinity Publishing, |
| Date of publication, distribution, etc. | 2009. |
| 300 ## - PHYSICAL DESCRIPTION | |
| Extent | 354 p. : |
| Dimensions | 28 cm. |
| 500 ## - GENERAL NOTE | |
| General note | Includes index |
| 520 ## - SUMMARY, ETC. | |
| Summary, etc. | This textbook was written to answer the needs of architecture students and architects. Physics principles and concepts are explained in plain language, and their relevancy to applications in architecture is demonstrated by numerous examples and solved problems. An algebra and trigonometry refreshment chapter reviews the math skills essential for the rest of the book. Practical engineering methods are included, in addition to the more traditional "strictly physics" curriculum. This textbook is a valuable resource to architecture students throughout their schooling and in their professional careers. |
| 650 0# - SUBJECT ADDED ENTRY--TOPICAL TERM | |
| Topical term or geographic name entry element | Physics |
| 9 (RLIN) | 1781 |
| 650 0# - SUBJECT ADDED ENTRY--TOPICAL TERM | |
| Topical term or geographic name entry element | Architecture |
| 9 (RLIN) | 1782 |
| 856 40 - ELECTRONIC LOCATION AND ACCESS | |
| Materials specified | Amazon.com |
| Uniform Resource Identifier | <a href="http://www.amazon.com/exec/obidos/ASIN/0741419297/chopaconline-20">http://www.amazon.com/exec/obidos/ASIN/0741419297/chopaconline-20</a> |
| 942 ## - ADDED ENTRY ELEMENTS (KOHA) | |
| Institution code [OBSOLETE] | SADA |
| Koha item type | Book |
| Call number prefix | 720 SAL 2009 |
| Source of classification or shelving scheme | |
| Withdrawn status | Lost status | Source of classification or shelving scheme | Damaged status | Not for loan | Permanent Location | Current Location | Date acquired | Total Checkouts | Total Renewals | Full call number | Barcode | Date last seen | Date last checked out | Copy number | Cost, replacement price | Price effective from | Koha item type |
|---|---|---|---|---|---|---|---|---|---|---|---|---|---|---|---|---|---|
| School of Art Design and Architecture (SADA) | School of Art Design and Architecture (SADA) | 02/02/2011 | 7 | 3 | 720 SAL 2009 | SADA0000554 | 04/19/2024 | 03/20/2024 | 01 | 4200.00 | 08/05/2011 | Book | |||||
| School of Art Design and Architecture (SADA) | School of Art Design and Architecture (SADA) | 02/11/2011 | 10 | 10 | 720 SAL 2009 | SADA0000624 | 09/02/2016 | 09/02/2016 | 02 | 08/05/2011 | Book | ||||||
| School of Art Design and Architecture (SADA) | School of Art Design and Architecture (SADA) | 03/24/2011 | 6 | 2 | 720 SAL 2009 | SADA0000688 | 06/19/2015 | 06/05/2015 | 03 | 08/05/2011 | Book | ||||||
| School of Art Design and Architecture (SADA) | School of Art Design and Architecture (SADA) | 03/24/2011 | 6 | 3 | 720 SAL 2009 | SADA0000689 | 06/19/2015 | 05/15/2015 | 04 | 08/05/2011 | Book | ||||||
| School of Art Design and Architecture (SADA) | School of Art Design and Architecture (SADA) | 03/24/2011 | 3 | 2 | 720 SAL 2009 | SADA0000690 | 06/19/2015 | 05/11/2015 | 05 | 08/05/2011 | Book | ||||||
| School of Art Design and Architecture (SADA) | School of Art Design and Architecture (SADA) | 03/24/2011 | 3 | 2 | 720 SAL 2009 | SADA0000691 | 06/19/2015 | 05/14/2015 | 06 | 08/05/2011 | Book | ||||||
| School of Art Design and Architecture (SADA) | School of Art Design and Architecture (SADA) | 06/07/2011 | 5 | 5 | 720 SAL 2009 | SADA0001294 | 06/19/2015 | 05/25/2015 | 07 | 08/05/2011 | Book | ||||||
| School of Art Design and Architecture (SADA) | School of Art Design and Architecture (SADA) | 06/07/2011 | 5 | 4 | 720 SAL 2009 | SADA0001295 | 06/19/2015 | 05/11/2015 | 08 | 08/05/2011 | Book | ||||||
| School of Art Design and Architecture (SADA) | School of Art Design and Architecture (SADA) | 06/07/2011 | 9 | 8 | 720 SAL 2009 | SADA0001296 | 06/19/2015 | 06/11/2015 | 09 | 08/05/2011 | Book | ||||||
| School of Art Design and Architecture (SADA) | School of Art Design and Architecture (SADA) | 06/07/2011 | 4 | 2 | 720 SAL 2009 | SADA0001297 | 06/19/2015 | 06/12/2015 | 10 | 08/05/2011 | Book | ||||||
| School of Art Design and Architecture (SADA) | School of Art Design and Architecture (SADA) | 06/07/2011 | 5 | 4 | 720 SAL 2009 | SADA0001298 | 06/19/2015 | 06/04/2015 | 11 | 08/05/2011 | Book |
